The penitentiaries in Arizona, Nevada, New Mexico and Utah from 1900 to 1980
| Main Author: | |
|---|---|
| Format: | Print Book |
| Language: | English |
| Published: |
Lewiston [u.a.]
Mellen Press
1997
|
| In: |
Criminology studies (1)
Year: 1997 |
| Availability in Tübingen: | Present in Tübingen. UB: KB 19 A 6743 |
| Check availability: | HBZ Gateway |
| Subito Delivery Service: | Order now. |
| Keywords: |
MARC
| LEADER | 00000cam a2200000 c 4500 | ||
|---|---|---|---|
| 001 | 1138759341 | ||
| 003 | DE-627 | ||
| 005 | 20260206203043.0 | ||
| 007 | tu | ||
| 008 | 980924s1997 xx ||||| 00| ||eng c | ||
| 010 | |a 97-2341 | ||
| 016 | 7 | |a b9753628 |2 UK | |
| 020 | |a 0773486631 |9 0-7734-8663-1 | ||
| 035 | |a (DE-627)1138759341 | ||
| 035 | |a (DE-603)058711163 | ||
| 035 | |a (DE-576)068759347 | ||
| 035 | |a (DE-599)BSZ068759347 | ||
| 035 | |a (OCoLC)36330856 | ||
| 035 | |a (OCoLC)613765855 | ||
| 040 | |a DE-627 |b ger |c DE-627 |e rakwb | ||
| 041 | |a eng | ||
| 082 | 0 | |a 365.979 | |
| 100 | 1 | |a Johnson, Judith R. |4 aut | |
| 245 | 1 | 4 | |a The penitentiaries in Arizona, Nevada, New Mexico and Utah from 1900 to 1980 |c Judith R. Johnson |
| 263 | |a (series) ; : No price : Formerly CIP | ||
| 264 | 1 | |a Lewiston [u.a.] |b Mellen Press |c 1997 | |
| 300 | |a IV, 246 S. | ||
| 336 | |a Text |b txt |2 rdacontent | ||
| 337 | |a ohne Hilfsmittel zu benutzen |b n |2 rdamedia | ||
| 338 | |a Band |b nc |2 rdacarrier | ||
| 490 | 1 | |a Criminology studies |v 1 | |
| 500 | |a Includes bibliographical references and index | ||
| 583 | 1 | |a Archivierung prüfen |c 20200919 |f DE-640 |z 1 |2 pdager | |
| 648 | 7 | |a Geschichte 1900-1980 |2 gnd | |
| 650 | 0 | |a Prisons |x Southwest, New |x History |x 20th century | |
| 650 | 0 | |a Prisoners |x Southwest, New |x History |x 20th century | |
| 650 | 0 | |a New Mexiko |x Gefängnis |x Geschichte 1900-1980 | |
| 650 | 0 | 7 | |0 (DE-588)4071628-4 |0 (DE-627)106097237 |0 (DE-576)209184523 |a Gefängnis |2 gnd |
| 651 | 7 | |0 (DE-588)4002920-7 |0 (DE-627)106391534 |0 (DE-576)208849297 |a Arizona |2 gnd | |
| 651 | 7 | |0 (DE-588)4062214-9 |0 (DE-627)106133063 |0 (DE-576)209143010 |a Utah |2 gnd | |
| 651 | 7 | |0 (DE-588)4041996-4 |0 (DE-627)106216562 |0 (DE-576)209048050 |a Nevada |2 gnd | |
| 689 | 0 | 0 | |d g |0 (DE-588)4002920-7 |0 (DE-627)106391534 |0 (DE-576)208849297 |a Arizona |2 gnd |
| 689 | 0 | 1 | |d s |0 (DE-588)4071628-4 |0 (DE-627)106097237 |0 (DE-576)209184523 |a Gefängnis |2 gnd |
| 689 | 0 | 2 | |a z |2 gnd |a Geschichte 1900-1980 |
| 689 | 0 | |5 (DE-627) | |
| 689 | 1 | 0 | |d g |0 (DE-588)4041996-4 |0 (DE-627)106216562 |0 (DE-576)209048050 |a Nevada |2 gnd |
| 689 | 1 | 1 | |d s |0 (DE-588)4071628-4 |0 (DE-627)106097237 |0 (DE-576)209184523 |a Gefängnis |2 gnd |
| 689 | 1 | 2 | |a z |2 gnd |a Geschichte 1900-1980 |
| 689 | 1 | |5 (DE-627) | |
| 689 | 2 | 0 | |d g |0 (DE-588)4062214-9 |0 (DE-627)106133063 |0 (DE-576)209143010 |a Utah |2 gnd |
| 689 | 2 | 1 | |d s |0 (DE-588)4071628-4 |0 (DE-627)106097237 |0 (DE-576)209184523 |a Gefängnis |2 gnd |
| 689 | 2 | 2 | |a z |2 gnd |a Geschichte 1900-1980 |
| 689 | 2 | |5 (DE-627) | |
| 830 | 0 | |a Criminology studies |v 1 |9 1 |w (DE-627)1135358397 |w (DE-576)065358392 |7 am | |
| 935 | |a MZUSA | ||
| 936 | s | n | |a m200 |2 mzub |
| 951 | |a BO | ||
| ELC | |b 1 | ||
| LOK | |0 000 xxxxxcx a22 zn 4500 | ||
| LOK | |0 001 2334969133 | ||
| LOK | |0 003 DE-627 | ||
| LOK | |0 004 1138759341 | ||
| LOK | |0 005 19981010000000 | ||
| LOK | |0 008 980924||||||||||||||||ger||||||| | ||
| LOK | |0 040 |a DE-21 |c DE-627 |d DE-21 | ||
| LOK | |0 852 |a DE-21 | ||
| LOK | |0 852 1 |c KB 19 A 6743 |9 00 | ||
| LOK | |0 935 |a krim | ||
| LOK | |0 936ln |a k12.1 | ||
| LOK | |0 939 |a 24-09-98 |b l01 | ||
| ORI | |a SA-MARC-krimdoka001.raw | ||
| SIG | |a UB: KB 19 A 6743 | ||
| TIM | |a 100019000101_100019801231 |b Geschichte 1900-1980 | ||
